| 000 | 00354nam a2200145Ia 4500 | ||
|---|---|---|---|
| 008 | 230917s9999||||xx |||||||||||||| ||und|| | ||
| 040 |
_e105559 _aMAIN |
||
| 041 | _aEnglish | ||
| 082 | _a362.60954 S15S | ||
| 100 | _aShakuntala Devi | ||
| 245 | 0 | _aSocial planing in india | |
| 260 |
_aNew Delhi _bSarup & Sons _c1996 |
||
| 300 | _a227 p. | ||
| 942 | _cBK | ||
| 999 |
_c122551 _d122551 |
||